Normal view
MARC view
- BOGGESS, A , WAMSTEKER, W , KONDO, Y
Entry Personal Name
001 - CONTROL NUMBER
- control field: 65514
003 - CONTROL NUMBER IDENTIFIER
- control field: NUST
005 - DATE AND TIME OF LATEST TRANSACTION
- control field: 20210628203439.0
008 - FIXED-LENGTH DATA ELEMENTS
- fixed length control field: 210628|| aca||aabn | a|a d
040 ## - CATALOGING SOURCE
- Original cataloging agency: NUST
- Transcribing agency: NUST
100 ## - HEADING--PERSONAL NAME
- Personal name: BOGGESS, A , WAMSTEKER, W , KONDO, Y
670 ## - SOURCE DATA FOUND
- Source citation: Work cat.: (NUST): BOGGESS, A , WAMSTEKER, W , KONDO, Y, EXPLORING THE UNIVERSE WITH THE IUE SATELLITE, 1987
